[Event "Kingston Easter U1900"]
[Site "Kingston"]
[Date "2019.04.22"]
[Round "8.29"]
[White "Xiao, Edward1111"]
[Black "Kuryliw, Ray"]
[Result "1-0"]
[WhiteElo "1572"]
[BlackElo "1885"]
[PlyCount "147"]
[EventDate "2019.04.18"]
[EventType "swiss"]
[EventRounds "9"]
[EventCountry "CAN"]
[SourceTitle "EXT 2022"]
[Source "ChessBase"]
[SourceDate "2021.10.06"]
[SourceVersion "1"]
[SourceVersionDate "2021.10.06"]
[SourceQuality "1"]

1. d4 Nf6 2. c4 c5 3. d5 b5 4. cxb5 a6 5. b6 Qxb6 6. Nc3 g6 7. Nf3 d6 8. e4 Nbd7 9. Bc4 Bg7 10. 0-0 0-0 11. Rb1 Ng4 12. Bf4 Nge5 13. Nxe5 Nxe5 14. Be2 f5 15. f3 Bd7 16. Qd2 Rab8 17. Bh6 Rb7 18. Bxg7 Kxg7 19. Qg5 Be8 20. Qg3 f4 21. Qh4 h6 22. g4 g5 23. Qf2 Bb5 24. Nxb5 axb5 25. b3 Ra8 26. Ra1 Ra3 27. Rfb1 Qa5 28. Bf1 Qb4 29. Kg2 Rba7 30. Qc2 Qd4 31. Bxb5 Qe3 32. Rf1 Ra8 33. Qb2 R3a5 34. a4 Rh8 35. Rae1 Qd4 36. Qxd4 cxd4 37. Rd1 d3 38. Bxd3 Nxd3 39. Rxd3 Rc5 40. Rfd1 h5 41. gxh5 Rxh5 42. h3 Rh8 43. b4 Rc4 44. Rd4 Rc3 45. R1d2 Rb8 46. Rb2 Ra3 47. b5 Rc8 48. Rdb4 Rcc3 49. Rf2 Ra1 50. h4 g4 51. fxg4 Rg3+ 52. Kh2 Raa3 53. Rbb2 Rh3+ 54. Kg2 Rxh4 55. Rxf4 Rxa4 56. b6 Rh8 57. Rbf2 Raa8 58. Rf7+ Kg6 59. b7 Rab8 60. Rxe7 Kg5 61. Kg3 Rh1 62. Rg7+ Kh6 63. Rff7 Rb1 64. Rc7 Rb2 65. Rc8 R8xb7 66. Rxb7 Rxb7 67. Rc6 Kg5 68. Rxd6 Rb3+ 69. Kf2 Kf4 70. Re6 Rb2+ 71. Ke1 Kxg4 72. d6 Kf4 73. d7 Ke3 74. d8Q 1-0

[Event "Gatineau Outaouais op"]
[Site "Gatineau"]
[Date "2016.06.05"]
[Round "4"]
[White "Kuryliw, Ray"]
[Black "Simic, Dusan"]
[Result "1/2-1/2"]
[WhiteElo "1987"]
[BlackElo "2165"]
[PlyCount "59"]
[EventDate "2016.06.03"]
[EventType "swiss"]
[EventRounds "5"]
[EventCountry "CAN"]
[SourceTitle "EXT 2022"]
[Source "ChessBase"]
[SourceDate "2021.10.06"]
[SourceVersion "1"]
[SourceVersionDate "2021.10.06"]
[SourceQuality "1"]

1. d4 d6 2. g3 g6 3. Bg2 Bg7 4. c3 Nf6 5. Nd2 0-0 6. e4 Nc6 7. Ne2 e5 8. d5 Ne7 9. 0-0 Nh5 10. Nc4 f5 11. f3 fxe4 12. fxe4 Rxf1+ 13. Qxf1 Bg4 14. Ne3 Bd7 15. c4 c6 16. Nc3 Qb6 17. Kh1 Rf8 18. Qe2 Nf6 19. b3 Kh8 20. Bb2 Bh6 21. Re1 Qd8 22. Ba3 Bxe3 23. Qxe3 Ng4 24. Qxa7 Nc8 25. Qxb7 c5 26. h3 Nf2+ 27. Kh2 Rf7 28. Rf1 Be8 29. Qxf7 Bxf7 30. Rxf2 1/2-1/2

[Event "Maastricht Limburg op-B 8th"]
[Site "Maastricht"]
[Date "2014.06.08"]
[Round "4"]
[White "Kuryliw, Ray"]
[Black "Coenen, Siegfried"]
[Result "0-1"]
[WhiteElo "1884"]
[BlackElo "1992"]
[PlyCount "68"]
[EventDate "2014.06.06"]
[EventType "swiss"]
[EventRounds "7"]
[EventCountry "NED"]
[SourceTitle "EXT 2015"]
[Source "ChessBase"]
[SourceDate "2014.11.20"]
[SourceVersion "1"]
[SourceVersionDate "2014.11.20"]
[SourceQuality "1"]

1. f4 d5 2. Nf3 Nf6 3. b3 g6 4. e3 Bg7 5. Bb2 0-0 6. Be2 c6 7. 0-0 Bg4 8. h3 Bc8 9. Ne5 Ne4 10. Qe1 Nd7 11. Nd3 Bxb2 12. Nxb2 e6 13. Bf3 Qf6 14. c3 Nd6 15. g4 b6 16. Qg3 Ba6 17. Rf2 Nc5 18. Rh2 Nce4 19. Bxe4 Nxe4 20. Qg2 c5 21. g5 Qg7 22. Na3 b5 23. Rc1 b4 24. Nb1 Rac8 25. Rh1 Bb7 26. Kh2 d4 27. Rhe1 dxc3 28. dxc3 Rcd8 29. Na4 Ba8 30. Qc2 f6 31. h4 fxg5 32. hxg5 Nxg5 33. Kg3 Ne4+ 34. Kg4 Qf6 0-1